Catalogue de la Bibliothèque de l'ENSA

Actes des journées internationales sur la désertification et le développement durable (notice nᵒ 20133)

détails MARC
000 -LEADER
fixed length control field 00761nam a2200169Ia 4500
037 ## - SOURCE D'ACQUISITION
Cote BC_667 67$BC_683 33
040 ## - SOURCE DU CATALOGAGE
Source du catalogage BC-ENSA
Langue du catalogage fre
041 ## - CODE DE LANGUE
Langue Français
110 ## - AUTEUR MORAL
Nom de collectivité Centre de recherche scientifique et technique des régions arides
111 ## - CONGRES
Titre Actes des journées internationales sur la désertification et le développement durable
Lieu Biskra
Date texte 10/06/2006-12/06/2006-10 au 12 juin 2006
245 ## - MENTION DU TITRE
Titre Actes des journées internationales sur la désertification et le développement durable
Complément de titre désert et désertification : journée mondiale de l'environnement
Mention de responsabilité CRSTRA
260 ## - PUBLICATION, DIFFUSION, ETC. (ADRESSE BIBLIOGRAPHIQUE)
Nom de l'éditeur CRSTRA
Lieu d'édition Biskra
Année d'édition 2006
300 ## - PHYSICAL DESCRIPTION
Illustration ill. en coul.
Nombre de pages 621 p.
Format 23 cm
562 ## - COPY AND VERSION IDENTIFICATION NOTE
Nombre d'exemplaire 02 exemplaire(s)
942 ## - ADDED ENTRY ELEMENTS (KOHA)
Type document Actes de Congrès
650 ## - DESCRIPTEURS
Agrovoc DESERT/DESERTIFICATION/ENVIRONNEMENT/ALGERIE
Exemplaires
statut de retrait Statut Emplacement permanent Localisation actuelle Prix d'achat Cote Code à barre Koha type d'élément
    Bibliothèque Centrale Bibliothèque Centrale 0.00 BC_667 67 BC_667 67 Actes de Congrès
    Bibliothèque Centrale Bibliothèque Centrale 0.00 BC_683 33 BC_683 33 Actes de Congrès

Adresse: Ecole Nationale Supérieure Agronomique Hassen Badi - El Harrach Alger, Algérie

Tél +213 (0) 23 82 85 07+213 (0) 23 82 85 12 Fax +213 23 82 85 03/04 Courriel: bibliotheque@edu.ensa.dz